000 00277nam a2200097Ia 4500
008 220204s9999 xx 000 0 und d
082 _aNR:33(047)
_bPLA
245 0 _aRevised project report on the rehabiliations scheme (5000 acres rubber)
260 _aKottayam
_bPCK
942 _cBK
999 _c23578
_d23578